000
00279nam a2200109Ia 4500
008
171211s9999 xx 000 0 und d
245
4
_a
The Fantasy Artroom
245
_c
Aaron Pocock
260
_c
2016
650
_x
Design
856
_u
http://down.ebook777.com/059/0486801241.pdf
999
_c
347971
_d
347971